Les 10 entreprises alimentaires et de boissons les plus influentes - Statistiques

Statistiques générales
  • Ce quiz a été pris 65 fois
  • Le résultat moyen est 2 sur 10
Statistiques - réponses
Les 10 entreprises alimentaires et de boissons les plus influentes dans le monde % Correct
Coca-Cola
94%
Pepisco
63%
Nestlé
51%
Danone
29%
Kellogg's
3%
Mars
3%
Mondelez
2%
Associated British Foods
0%
General Mills
0%
Unilver
0%
Aucun quiz correspondant
Distribution des résultats
% des personnes avec chaque résultat
Percentile par nombre de réponses
Votre historique - résultats
Vous n’avez pas pris ce quiz